Come Thou Fount Lyrics Quiz - Statistics

General Stats
  • This quiz has been taken 28 times
    26 since last reset
  • The average score is 17 of 34
Answer Stats
Lyrics % Correct
Streams of {mercy} {never} ceasing
89%
Teach me some {melodious} sonnet
89%
Come Thou Fount of {every} {blessing}
84%
Tune my {heart} {to} {sing} thy grace
84%
Praise the mount, I'm {fixed} {upon} {it}
74%
Sung by {flaming} {tongues} above
74%
Here I raise my {Ebenezer}
68%
Here's my heart, Lord {take} {and} {seal} it
68%
He to {rescue} {me} from danger
68%
Seal it for Thy {courts} {above}
68%
{Seal} {it} {for} Thy courts above
68%
Jesus sought me {when} {a} {stranger}
63%
Prone to leave the {God} {I} {love}
63%
{Wandering} from the fold of God
63%
{Call} {for} {songs} loudest praise
58%
{Here's} {my} {heart}, Lord take and seal it
58%
{Mount} {of} {Thy} redeeming Love
58%
{Safely} {to} arrive at home
58%
{Daily} {I'm} constrained to be
47%
Interposed His {precious} {blood}
47%
{Prone} {to} {wander}, Lord I feel it
47%
Bind my {wandering} {heart} to Thee
42%
Let Thy goodness {like} {a} {fetter}
42%
Oh, {to} {grace} how great a debtor
37%
{And} {I} {hope} by Thy good pleasure
32%
I {shall} {see} Thy lovely face
26%
Hither by Thy {help} {I've} {come}
21%
Clothed then in {blood} {washed} linen
16%
Come my Lord, {no} {longer} {tarry}
16%
Oh, that day when {free} {from} sinning
16%
How I'll sing Thy {sovereign} {grace}
11%
Me {to} {realms} of endless days
11%
Send Thine angels now {to} {carry}
11%
Take my {ransomed} {soul} away
11%
No matching quizzes found
Score Distribution
Percent of People with Each Score
Percentile by Number Answered
Your Score History
You have not taken this quiz since the last reset